[Event "Paks 09 GM"]
[Site "Paks"]
[Date "1999.09.29"]
[Round "9"]
[White "Vaulin, Alexander"]
[Black "Kulaots, Kaido"]
[Result "1-0"]
[WhiteElo "2492"]
[BlackElo "2478"]

1.e4 c5 2.Nf3 d6 3.d4 cxd4 4.Nxd4 Nf6 5.Nc3 a6 6.f3 e6 7.Be3 b5 8.g4 h6 9.Qd2 Nbd7
10.h4 Bb7 11.Rg1 Nb6 12.g5 Nfd7 13.O-O-O Rc8 14.g6 Qxh4 15.gxf7+ Kxf7 16.Rg4 Qe7
17.Qh2 Nf6 18.Rg1 Nc4 19.Bxc4 Rxc4 20.Nce2 Qc7 21.b3 Rc5 22.Kb1 Bc8 23.Qg2 g5
24.f4 g4 25.f5 exf5 26.Ng3 Bb7 27.Ndxf5 Rxf5 28.Nxf5 Bxe4 29.Qf2 Bf3 30.Rd4 d5
31.Rf4 Ke8 32.Qh2 Kd7 33.Bd4 Bc5 34.Qd2 Rf8 35.Rxf3 Ne4 36.Qxh6 Bxd4 37.Qxf8 Nd2+
38.Kc1  1-0

[Event "EU-ch U20"]
[Site "Patras"]
[Date "1999.10.06"]
[Round "2"]
[White "Perunovic, Miodrag"]
[Black "Lelumees, Brait"]
[Result "1-0"]
[WhiteElo "2247"]
[BlackElo "2121"]

1.e4 c5 2.Nf3 d6 3.d4 cxd4 4.Nxd4 Nf6 5.Nc3 a6 6.f3 e5 7.Nb3 Be6 8.Be3 Nbd7
9.g4 Nb6 10.g5 Nfd7 11.Nd5 Rc8 12.Qd2 Nxd5 13.exd5 Bf5 14.Bd3 Bxd3 15.Qxd3 Be7
16.Rg1 h6 17.gxh6 Bh4+ 18.Ke2 gxh6 19.c3 Bg5 20.Rg2 Nf6 21.Rag1 Ke7 22.f4 exf4
23.Bf2 Nd7 24.Nd4 Ne5 25.Qf5 Rc5 26.h4 Bf6 27.Qxf4 Rxd5 28.Nf5+ Kd7 29.Bd4 Kc7
30.Ne3 Rb5 31.c4 Ra5 32.Nd5+ Rxd5 33.cxd5 Re8 34.Kd1 Bxh4 35.Bxe5 dxe5 36.Qxf7+ Re7
37.Qf3 Bg5 38.Kc2 e4 39.Qf5 e3 40.Kb1 Qd6 41.Rc2+ Kb8 42.Qd3 Re5 43.Rd1 h5
44.a4 Bh4 45.a5 Bf2 46.Qc4 Rg5 47.Qe4 Rg8 48.Ka2 h4 49.Qh7 Re8 50.Qh5 Qd7
51.b3 Qb5 52.Re2 Qxa5+ 53.Kb2 Qb5 54.Qf3 h3 55.d6 Rd8 56.Rd5 Qd7 57.Rc2 Qg7+
58.Ka2 h2 59.Rc7 Rd7 60.Rdc5 Rxc7 61.Rxc7 Qxc7 62.dxc7+ Kxc7 63.Qf4+ Kb6
64.Qxh2 Ka7 65.Qe5 Ka8 66.Kb2 Ka7 67.Kc2 Ka8 68.Kd3 Ka7 69.Kc4 Ka8 70.Kd5 Ka7
71.Kd6 Ka8 72.Kc7 e2 73.Qe8+ Ka7 74.Qb8+  1-0

[Event "GRE-GER m"]
[Site "Corfu"]
[Date "1999.10.13"]
[Round "2"]
[White "Mastrovasilis, Dimitrios"]
[Black "Lutz, Christopher"]
[Result "0-1"]
[WhiteElo "2384"]
[BlackElo "2591"]

1.e4 c5 2.Nf3 d6 3.d4 cxd4 4.Nxd4 Nf6 5.Nc3 a6 6.f3 e6 7.Be3 b5 8.g4 h6 9.Qd2 Nbd7
10.O-O-O Bb7 11.h4 b4 12.Nb1 d5 13.Bh3 g5 14.hxg5 hxg5 15.exd5 Nxd5 16.Bxg5 Qb6
17.Bg2 Rxh1 18.Bxh1 Rc8 19.Re1 Nc5 20.f4 Bg7 21.Nf5 Kf8 22.Nxg7 b3 23.Qd4 Nd3+
24.Qxd3 Qf2 25.Nxe6+ fxe6 26.Bh6+ Ke7 27.Qh7+ Kd6 28.Bf8+ Rxf8 29.Qe4 bxa2
30.Qxe6+ Kc7 31.Bxd5 Qxf4+ 32.Re3 Qf1+ 33.Re1 Qf4+ 34.Re3 Bxd5 35.Qe7+ Kb8  0-1

[Event "Asia-chT"]
[Site "Shenyang"]
[Date "1999.10.15"]
[Round "7"]
[White "Ye Jiangchuan"]
[Black "Dao Thien Hai"]
[Result "0-1"]
[WhiteElo "2593"]
[BlackElo "2543"]

1.e4 c5 2.Nf3 d6 3.d4 cxd4 4.Nxd4 Nf6 5.Nc3 a6 6.f3 e6 7.Be3 b5 8.g4 Bb7
9.Qd2 Nc6 10.Nxc6 Bxc6 11.Ne2 Rc8 12.Nd4 Nxe4 13.fxe4 Bxe4 14.Rg1 e5 15.Bd3 Bxd3
16.Qxd3 exd4 17.Bxd4 Qg5 18.Rg2 Be7 19.Be3 Qg6 20.Qd2 Bh4+ 21.Kf1 O-O 22.g5 Rfe8
23.Kg1 Qe4 24.Bd4 Rxc2  0-1

[Event "AUT2W-chT"]
[Site "Kufstein"]
[Date "1999.10.16"]
[Round "2.3"]
[White "Grundherr, Martin"]
[Black "Thoeny, Hermann"]
[Result "1-0"]
[WhiteElo "2315"]
[BlackElo "2240"]

1.e4 c5 2.Nf3 d6 3.d4 cxd4 4.Nxd4 Nf6 5.Nc3 a6 6.f3 e6 7.Be3 Be7 8.g4 h6
9.Qd2 Qc7 10.O-O-O Nbd7 11.h4 Ne5 12.Rh2 Nfd7 13.g5 h5 14.f4 Ng4 15.g6 Nxh2
16.gxf7+ Kxf7 17.Nxe6 Nxf1 18.Qd5 Nxe3 19.Ng5+ Kg6 20.Qf7+ Kh6 21.Ne6 Bf6
22.Rg1 Ne5 23.Qxc7 Bxe6 24.fxe5 Bxe5 25.Qe7 Bg4 26.Qg5+ Kh7 27.Qxe3 Rhf8
28.Nd5 Rf7 29.Kb1 Raf8 30.a3 Rf2 31.Qg5 Rc8 32.Rxg4 hxg4 33.Ne7 Rf1+ 34.Ka2 Rf6
35.Qh5+ Rh6 36.Qf5+ g6 37.Qxc8 Rh5 38.Qg8+ Kh6 39.Qxg6+  1-0

[Event "Wch U18"]
[Site "Oropesa del Mar"]
[Date "1999.11.01"]
[Round "8"]
[White "Vajda, Levente"]
[Black "Burnoiu, Costel"]
[Result "1-0"]
[WhiteElo "2462"]
[BlackElo "2312"]

1.e4 c5 2.Nf3 d6 3.d4 Nf6 4.Nc3 cxd4 5.Nxd4 a6 6.f3 Nc6 7.Be3 d5 8.Nxc6 bxc6
9.exd5 Nxd5 10.Bd4 f6 11.Nxd5 cxd5 12.f4 Bf5 13.Bd3 Bxd3 14.Qxd3 e6 15.O-O Bd6
16.Rae1 Qd7 17.Qh3 Kf7 18.Re2 Rae8 19.g4 Qb5 20.Qh5+ g6 21.Qh4 Be7 22.Rfe1 Bd8
23.Kg2 h6 24.c3 Qc6 25.Qh3 Bb6 26.f5 e5 27.fxg6+ Kg7 28.Bxb6 Qxb6 29.Qd3 Rd8
30.Qf5 Rhf8 31.h4 d4 32.h5 dxc3 33.bxc3 Qc6+ 34.Qe4 Qxe4+ 35.Rxe4 Rd2+ 36.R1e2 Rxe2+
37.Rxe2 Rc8 38.Rd2 Rxc3 39.Rd7+ Kg8 40.Rd6 Kg7 41.Rxa6 Rc4 42.Ra7+ Kg8 43.Kg3 Rc3+
44.Kh4 e4 45.Re7 Ra3 46.Rxe4 Rxa2 47.Re8+ Kg7 48.Re7+ Kg8 49.Rh7  1-0

[Event "Wch U18"]
[Site "Oropesa del Mar"]
[Date "1999.11.02"]
[Round "9"]
[White "Atakisi, Umut"]
[Black "Bruzon, Lazaro"]
[Result "0-1"]
[WhiteElo "2238"]
[BlackElo "2528"]

1.e4 c5 2.Nf3 d6 3.d4 cxd4 4.Nxd4 Nf6 5.Nc3 a6 6.f3 e6 7.Be3 b5 8.Qd2 Bb7
9.g4 Nfd7 10.O-O-O Be7 11.h4 Nb6 12.Bd3 N8d7 13.Qf2 Rc8 14.Kb1 Rxc3 15.bxc3 Qc7
16.Ne2 Na4 17.f4 Nf6 18.Rh3 Nxg4 19.Qg1 Nxe3 20.Qxe3 Bf6 21.e5 dxe5 22.Be4 Bxe4
23.Qxe4 O-O 24.f5 exf5 25.Qxf5 Qe7 26.Ka1 e4 27.Kb1 b4  0-1

[Event "Wch U16"]
[Site "Oropesa del Mar"]
[Date "1999.11.02"]
[Round "9"]
[White "Mastrovasilis, Dimitrios"]
[Black "Dominguez, Lenier"]
[Result "1/2-1/2"]
[WhiteElo "2384"]
[BlackElo "2506"]

1.e4 c5 2.Nf3 d6 3.d4 cxd4 4.Nxd4 Nf6 5.Nc3 a6 6.f3 e6 7.Be3 Nbd7 8.g4 h6
9.Qd2 b5 10.O-O-O Bb7 11.h4 b4 12.Nb1 d5 13.Bh3 g5 14.hxg5 hxg5 15.exd5 Nxd5
16.Bxg5 Qb6 17.Bg2 Rxh1 18.Bxh1 Rc8 19.Re1 Nc5 20.f4 Qa5 21.Nxe6 Nxe6 22.f5 Qxa2
23.fxe6 Bg7 24.exf7+ Kxf7 25.Bxd5+ Qxd5 26.Qxd5+ Bxd5 27.Nd2 a5 28.Ne4 Kg6
29.Bd2 Rc4 30.Nf2 b3 31.c3 Ra4 32.Kb1 Bg8 33.Re4 Ra2 34.Nd3 Bh7 35.Nc1 Kf7
36.Nxa2 Bxe4+ 37.Ka1 bxa2 38.Kxa2 a4 39.b3 Bd3 40.bxa4 Bc4+ 41.Kb2  1/2-1/2

[Event "Chigorin mem"]
[Site "St Petersburg"]
[Date "1999.11.05"]
[Round "4"]
[White "Shaginjan, A."]
[Black "Rogovoi, Mark"]
[Result "0-1"]
[WhiteElo "2358"]
[BlackElo "2214"]

1.e4 c5 2.Nf3 d6 3.d4 cxd4 4.Nxd4 Nf6 5.Nc3 a6 6.f3 e6 7.Be3 b5 8.Qd2 Bb7
9.g4 h6 10.O-O-O Nbd7 11.h4 b4 12.Nce2 d5 13.Bh3 dxe4 14.g5 hxg5 15.hxg5 exf3
16.Ng3 Ne4 17.Nxe4 Bxe4 18.g6 Bxg6 19.Bg5 Nf6 20.Bxf6 gxf6 21.Qf2 Bc5 22.Qxf3 Bxd4
23.Rxd4 Qxd4 24.Qxa8+ Qd8 25.Qxa6 Kf8 26.Bg2 Rxh1+ 27.Bxh1 Qd4 28.Qe2 f5
29.Bf3 e5 30.Qd3 Qg1+ 31.Qd1 Qc5 32.Qe1 e4 33.Bg2 f4 34.Bf1 e3 35.c3 Qf5  0-1

[Event "Chigorin mem"]
[Site "St Petersburg"]
[Date "1999.11.06"]
[Round "5"]
[White "Dashko, Andrey"]
[Black "Doroshkievich, Vladimir K"]
[Result "1-0"]
[WhiteElo "2266"]
[BlackElo "2400"]

1.e4 c5 2.Nf3 d6 3.d4 cxd4 4.Nxd4 Nf6 5.Nc3 a6 6.f3 e5 7.Nb3 Be6 8.g4 h6
9.Be3 d5 10.exd5 Nxd5 11.Nxd5 Qxd5 12.Bd3 Bxg4 13.Rf1 Be6 14.Qe2 Qc6 15.O-O-O Nd7
16.Be4 Qc7 17.Qd2 Nf6 18.Qf2 Nxe4 19.fxe4 Rc8 20.Rg1 Qc4 21.Kb1 Qxe4 22.Rd3 f6
23.Qd2 Bf5 24.Nc5 Rxc5 25.Rd8+ Kf7 26.Rd7+ Ke6 27.Bxc5 Bxc5 28.Rd1 Rc8 29.Qd6+  1-0

[Event "71st ch-GER"]
[Site "Altenkirchen GER"]
[Date "1999.11.13"]
[Round "2"]
[White "Hamm,S"]
[Black "Voigt,R"]
[Result "0-1"]
[WhiteElo "2243"]
[BlackElo "2147"]

1.e4 c5 2.Nf3 d6 3.d4 cxd4 4.Nxd4 Nf6 5.Nc3 a6 6.f3 e6 7.Be3 Be7 8.Qd2 Qc7
9.g4 b5 10.Bd3 Bb7 11.O-O-O b4 12.Nce2 Nfd7 13.Kb1 Nc5 14.Qxb4 Nbd7 15.Qc3 Qb8
16.Nb3 O-O 17.Nxc5 Nxc5 18.Bd4 Rc8 19.Qd2 Bc6 20.c4 Qb7 21.Ka1 a5 22.Nc3 a4
23.Bxc5 dxc5 24.f4 Bf6 25.Rhe1 Bd4 26.a3 Rab8 27.Qc2 Qb3 28.Rc1 Rd8 29.e5 Bxc3
30.Bxh7+ Kh8 31.Qxb3 Rxb3 32.Rxc3 Rxc3 33.bxc3 Kxh7 34.Re3 Rd1+ 35.Kb2 Rd2+
36.Kc1 Rxh2 37.f5 Ra2 38.Rh3+ Kg8  0-1

[Event "Den Bosch"]
[Site "Hertogenbosch NED"]
[Date "1999.11.24"]
[Round "7"]
[White "Nijboer,F"]
[Black "Bosch,Je"]
[Result "1-0"]
[WhiteElo "2559"]
[BlackElo "2433"]

1.e4 c5 2.Nf3 d6 3.d4 cxd4 4.Nxd4 Nf6 5.Nc3 a6 6.f3 Nbd7 7.Be3 d5 8.Nxd5 Nxd5
9.exd5 Qa5+ 10.Qd2 Qxd5 11.c4 Qd6 12.b4 b6 13.Bd3 e5 14.Nc2 Be7 15.Rd1 Qc7
16.O-O O-O 17.Bf2 a5 18.a3 Rd8 19.Rfe1 axb4 20.axb4 Bb7 21.Qc3 Nf6 22.Bg3 Nd5
23.Qxe5 Qxe5 24.Rxe5 Nc3 25.Rde1 Bf8 26.R5e3 Na2 27.Bc7 Rdc8 28.Bxb6 Nxb4
29.Nxb4 Bxb4 30.Rb1 Bf8 31.Bf1 g6 32.Rc3 Ba6 33.Bf2 Rc6 34.c5 Bxf1 35.Kxf1 Rac8
36.Rb5 f5 37.Ke2 Bg7 38.Rc2 Rd8 39.Rd2 Re6+ 40.Kd1 Ra8 41.Bd4 Bh6 42.Re2 Rea6
43.Reb2 Kf7 44.Rb7+ Ke6 45.Re2+ Kd5 46.Rd7+ Kc6 47.Rd6+ Kb5 48.Rb2+ Kc4 49.Rc2+ Kb3
50.Rxa6 Rxa6 51.c6 Bf4 52.c7 Bxc7 53.Rxc7 Rd6 54.Ke2 Rxd4 55.Rxh7 Rc4 56.Rg7 Rc2+
57.Kf1 Rc6 58.Kf2 f4 59.h4 Rf6 60.Rc7 Kb4 61.Kg1  1-0

[Event "Eu Team Ch"]
[Site "Batumi GEO"]
[Date "1999.12.04"]
[Round "5"]
[White "Socko,B"]
[Black "Gallagher,Jo"]
[Result "1-0"]
[WhiteElo "2543"]
[BlackElo "2521"]

1.e4 c5 2.Nf3 d6 3.d4 cxd4 4.Nxd4 Nf6 5.Nc3 a6 6.f3 e5 7.Nb3 Be6 8.Be3 Be7
9.Qd2 h5 10.O-O-O Nbd7 11.Kb1 Rc8 12.Nd5 Nxd5 13.exd5 Bf5 14.Bd3 Bxd3 15.Qxd3 Bg5
16.Bf2 O-O 17.h4 Bf4 18.g3 Bh6 19.g4 hxg4 20.fxg4 Bf4 21.Rhg1 Re8 22.Rge1 b5
23.g5 Rc4 24.Qf3 Qc7 25.Nd4 Rc8 26.Nc6 Nb8 27.b3 Nxc6 28.bxc4 Na5 29.c5 Nc4
30.c6 Qa5 31.Re2 Bd2 32.Qb3 Na3+ 33.Kb2 Nc4+ 34.Ka1 Bc3+ 35.Kb1 Nd2+ 36.Rexd2 Bxd2
37.Kb2 e4 38.Be3 Bxe3 39.Qxe3 Qb4+ 40.Qb3 Qc5 41.Qa3 b4 42.Qxa6 Re8 43.Kb1 e3
44.Qd3 Ra8 45.h5 Qa7 46.Kc1 b3 47.Qxb3 e2 48.Re1 Qf2 49.Qc3 Rb8 50.c7 Rc8
51.h6 f6 52.Qd2 Rxc7 53.Rxe2 Qg1+ 54.Re1 Qg3 55.Qe3 Qg2 56.Re2 Qh1+ 57.Re1 Qg2
58.h7+ Kxh7 59.Qd3+ f5 60.Qxf5+ g6 61.Qe4 Qxg5+ 62.Kd1 Qh5+ 63.Kd2 Qh2+ 64.Re2 Qg3
65.Qe3 Qh4 66.a3 Rc5 67.Qe7+ Qxe7 68.Rxe7+ Kh6 69.a4 Rxd5+ 70.Kc3 g5 71.Kb4 g4
72.a5 Rd4+ 73.Kb5 Rd2 74.c4 g3 75.a6 g2 76.Re1 Rb2+ 77.Kc6 Ra2 78.Kb7 Rb2+
79.Kc7 Ra2 80.Rg1 Kg5 81.Kb7 Rb2+ 82.Kc6 Ra2 83.a7 Kf5 84.Rxg2 Rxa7 85.Kxd6 Ra6+
86.Kd5 Kf6 87.Re2  1-0

[Event "5th Gudmundur Arason"]
[Site "Hafnarfjordur ISL"]
[Date "1999.12.12"]
[Round "1"]
[White "Kristjansson,S"]
[Black "Bjarnason,S"]
[Result "0-1"]
[WhiteElo "2278"]
[BlackElo "2309"]

1.e4 c5 2.Nf3 d6 3.d4 Nf6 4.Nc3 cxd4 5.Nxd4 a6 6.f3 e5 7.Nb3 Be6 8.Be3 Nbd7
9.Qd2 Qc7 10.O-O-O Be7 11.Kb1 b5 12.g4 Nb6 13.Bxb6 Qxb6 14.g5 Nh5 15.h4 Nf4
16.Nc1 h6 17.gxh6 Rxh6 18.N1e2 b4 19.Nd5 Nxd5 20.exd5 Bd7 21.h5 Qf2 22.Qxb4 Qxf3
23.Rg1 Bf8 24.Nc3 Qxh5 25.Qb7 Rd8 26.Bxa6 f5 27.a4 Ke7 28.Nb5 Qf7 29.Na7 Kf6
30.a5 Qe8 31.Nc6 Ra8 32.Bb5 Rxa5 33.Nxa5 Bxb5 34.c4 Bd7 35.Nc6 g5 36.Nb8 Bc8
37.Qb6 Rh7 38.Nc6 f4 39.c5 Bf5+ 40.Kc1 Rh2 41.Rd2 Rxd2 42.Kxd2 g4 43.cxd6 Kg5
44.Nd8 g3 45.Re1 Kg4 46.Ne6 Qa4 47.Rc1 Bh6 48.b3 f3+ 49.Kc3 Qe4 50.Rd1 Qc2+
51.Kb4 Qxd1 52.d7 Bd2+ 53.Ka4 Bd3 54.Qc5 Qa1+ 55.Qa3 Qxa3+ 56.Kxa3 f2 57.d8=Q f1=Q
58.Qg8+ Kh3 59.Qh8+ Kg2 60.Qxe5 Qc1+ 61.Ka4 Qc3 62.Nf4+ Kf1 63.Nxd3 Qa5+  0-1

[Event "III Open"]
[Site "Cali COL"]
[Date "1999.12.27"]
[Round "2"]
[White "Pupo,E"]
[Black "Contreras,H"]
[Result "1/2-1/2"]
[WhiteElo "2340"]
[BlackElo "2265"]

1.e4 c5 2.Nf3 d6 3.d4 cxd4 4.Nxd4 Nf6 5.Nc3 a6 6.f3 e5 7.Nb3 Be6 8.Be3 Nbd7
9.g4 h6 10.Qd2 b5 11.O-O-O Nb6 12.Qf2 Nc4 13.Bxc4 bxc4 14.Nc5 Qc7 15.N5a4 Rb8
16.Nb6 Qb7 17.b3 cxb3 18.axb3 Bxg4 19.Nc4 Be6 20.Nxd6+ Bxd6 21.Rxd6 Qb4 22.Rd3 Rc8
23.Kb2 O-O 24.Na4 Rfd8 25.Bc5 Qb5 26.Rxd8+ Rxd8 27.Be7 Rb8 28.Nc5 Nh5 29.Nxe6 fxe6
30.Qc5 Kf7 31.Ra1 Rb7 32.Bd6 Nf4 33.Qxb5 axb5 34.Bxe5 Ng6 35.Bd4 Nh4 36.h3 g5
37.Be3 Kg6 38.Rf1 Rf7 39.c4 bxc4 40.b4 Nxf3 41.Kc3  1/2-1/2

[Event "Eastern Open"]
[Site "Washington DC USA"]
[Date "1999.12.27"]
[Round "3"]
[White "Kriventsov,S"]
[Black "Winer,S"]
[Result "1/2-1/2"]
[WhiteElo "2322"]
[BlackElo "2306"]

1.e4 c5 2.Nf3 d6 3.d4 cxd4 4.Nxd4 Nf6 5.Nc3 a6 6.f3 e6 7.Be3 b5 8.Qd2 Nbd7
9.g4 Nb6 10.O-O-O Bb7 11.Qf2 Nfd7 12.Kb1 Rc8 13.Nb3 Rxc3 14.bxc3 Na4 15.Bd2 Qc7
16.Qa7 Be7 17.c4 O-O 18.cxb5 Ra8 19.Qe3 Ne5 20.b6 Qxb6 21.Qxb6 Nxb6 22.Be2 Rb8
23.Bc3 Nbc4 24.Bxe5 Nxe5 25.c4 Rc8 26.Na5 Ba8 27.Rhf1 g5 28.Rc1 Nd7 29.Rfd1 Kg7
30.Nb3 Rb8 31.Kc2 Ne5 32.Rb1 Rc8 33.c5 Rc7 34.Rd4 d5 35.exd5 Bxd5 36.Rxd5 exd5
37.Kc3 Nd7  1/2-1/2

[Event "It D"]
[Site "Paretana ESP"]
[Date "1999.12.30"]
[Round "4"]
[White "Penas Hernandez,Y"]
[Black "Fluvia Frigola,J"]
[Result "0-1"]
[WhiteElo "2079"]
[BlackElo "2197"]

1.e4 c5 2.Nf3 d6 3.d4 cxd4 4.Nxd4 Nf6 5.Nc3 a6 6.f3 e5 7.Nb3 Qc7 8.Be3 Be6
9.Qd2 Nbd7 10.O-O-O b5 11.Kb1 Nb6 12.Qf2 Nfd7 13.Bd3 Be7 14.g4 b4 15.Ne2 a5
16.Ng3 a4 17.Nc1 a3 18.Nf5 Bxf5 19.gxf5 axb2 20.Nb3 Qa7 21.Kxb2 Qa3+ 22.Kb1 Na4  0-1

[Event "Bretagne"]
[Site "Bretagne"]
[Date "1999.??.??"]
[Round "4"]
[White "Berthelot, Yannick"]
[Black "Elbilia, Jacques"]
[Result "1/2-1/2"]
[WhiteElo "2325"]
[BlackElo "2360"]

1.e4 c5 2.Nf3 d6 3.d4 cxd4 4.Nxd4 Nf6 5.Nc3 a6 6.f3 e6 7.Be3 b5 8.Qd2 Bb7
9.O-O-O Nbd7 10.Kb1 b4 11.Nce2 d5 12.exd5 Nxd5 13.Nf4 Bc5 14.Bc4 Nxe3 15.Qxe3 Qe7
16.Qe2 Bxd4 17.Rxd4 Nf6 18.Rhd1 O-O 19.Qe5 Rac8 20.Bb3 Rc5 21.Qd6 Qxd6 22.Rxd6 a5
23.h4 h6 24.Rb6 Bd5 25.Nxd5 Nxd5 26.Bxd5 exd5 27.Re1 Rfc8 28.Re2 Rc4  1/2-1/2

[Event "Budapest FS08 Elo"]
[Site "Budapest"]
[Date "1999.??.??"]
[Round "6"]
[White "Levi, N."]
[Black "Lakat, Gyula"]
[Result "1-0"]
[WhiteElo "2090"]
[BlackElo "2055"]

1.e4 c5 2.Nf3 d6 3.d4 cxd4 4.Nxd4 Nf6 5.Nc3 a6 6.f3 g6 7.Be3 Bg7 8.Qd2 b5
9.O-O-O O-O 10.g4 b4 11.Nce2 Qa5 12.Kb1 Nfd7 13.Bh6 Ne5 14.Bxg7 Kxg7 15.h4 Nc4
16.Qc1 h6 17.Ng3 Qc5 18.Bxc4 Qxc4 19.h5 g5 20.Ngf5+ Bxf5 21.Nxf5+ Kh7 22.Nxe7 Qe6
23.Nf5 Rd8 24.Rd5 Ra7 25.Rhd1 Rad7 26.Qd2 Nc6 27.Nd4 Nxd4 28.Qxd4 b3 29.cxb3 Kg8
30.Qd3 Qf6 31.e5 Qf4 32.exd6 Re8 33.Qf5 Qxf5+ 34.Rxf5 Re6 35.Rfd5 Kf8 36.b4 Ke8
37.b5 axb5 38.Rxb5 Rexd6 39.Rxd6 Rxd6 40.a3 Ke7 41.Kc2 Ke6 42.a4 Ra6 43.a5 Rc6+
44.Kd3  1-0

[Event "Cannes op"]
[Site "Cannes"]
[Date "1999.??.??"]
[Round "8"]
[White "Rouchouse, Stevens"]
[Black "Baquero, Luis A"]
[Result "0-1"]
[WhiteElo "2201"]
[BlackElo "2350"]

1.e4 c5 2.Nf3 d6 3.d4 cxd4 4.Nxd4 Nf6 5.Nc3 a6 6.f3 e6 7.Be3 b5 8.Qd2 Bb7
9.a4 b4 10.Nce2 d5 11.e5 Nfd7 12.f4 Be7 13.Ng3 g6 14.Be2 Nc5 15.O-O Qa5 16.f5 Nbd7
17.fxe6 fxe6 18.Bg4 Nxe5 19.Bxe6 Nxe6 20.Nxe6 Kd7 21.Bd4 Kxe6 22.Qe3 Bd6
23.Bb6 d4 24.Rf6+ Ke7 25.Qh6 Qxb6 26.Qg7+ Kd8 27.Qxh8+ Kc7 28.Qxh7+ Kb8 29.Kh1 Qc6
30.Rf2 Ka7 31.Qh4 Qd5 32.Rd1 d3 33.Nf1 Bc5 34.Qg3 Bxf2 35.Qxf2+ Kb8 36.cxd3 a5
37.Qg3 Ka7 38.Ne3 Qd4 39.Nc2 Qxb2 40.Qf2+ Ka6 41.Qf6+ Ka7 42.Qf2+ Ka6 43.Qf6+ Bc6
44.Ne3 Qd4 45.Nc4 Qd5 46.Ne3 Ng4 47.Nxd5 Nxf6 48.Nxf6 Bxa4 49.Ra1 Bc6 50.Rc1 Rc8
51.Kg1 b3 52.Ne4 Bxe4 53.Rxc8 b2  0-1

[Event "Alfoeld Cup op"]
[Site "Hajduszoboszlo"]
[Date "1999.??.??"]
[Round "5"]
[White "Hajnal, Zoltan"]
[Black "Blasko, Istvan"]
[Result "1/2-1/2"]
[WhiteElo "2285"]
[BlackElo "2195"]

1.e4 c5 2.Nf3 d6 3.d4 Nf6 4.Nc3 cxd4 5.Nxd4 a6 6.Be3 Ng4 7.Bc1 Nf6 8.f3 e5
9.Nb3 Be7 10.Be3 Be6 11.g4 h6 12.Qd2 d5 13.exd5 Nxd5 14.Nxd5 Qxd5 15.O-O-O Qxd2+
16.Rxd2 Bxb3 17.axb3 Bg5 18.Re2 Nc6 19.f4 exf4 20.Bxf4+ Kd7 21.Rd2+ Ke7 22.Re2+ Kd7
23.Rd2+ Ke7 24.Re2+ Kd7  1/2-1/2

[Event "HUN-chT9899"]
[Site "HUN"]
[Date "1999.??.??"]
[Round "?"]
[White "Boros, Daniel"]
[Black "Szekely, Peter"]
[Result "1/2-1/2"]
[WhiteElo "2300"]
[BlackElo "2465"]

1.e4 c5 2.Nf3 d6 3.d4 cxd4 4.Nxd4 Nf6 5.Nc3 a6 6.f3 Nc6 7.Be3 d5 8.exd5 Nxd5
9.Nxd5 Qxd5 10.Nxc6 Qxc6 11.Bd3 e5 12.O-O Bc5 13.Bxc5  1/2-1/2

[Event "HUN-chT29899"]
[Site "HUN"]
[Date "1999.??.??"]
[Round "?"]
[White "Gal, Jozsef"]
[Black "Suto, Gabor"]
[Result "1-0"]
[WhiteElo "2265"]
[BlackElo "2190"]

1.Nf3 Nf6 2.d4 c5 3.Nc3 cxd4 4.Nxd4 a6 5.e4 d6 6.f3 e6 7.Be3 Nbd7 8.Qd2 b5
9.g4 h6 10.h4 Bb7 11.Rg1 g6 12.Bd3 b4 13.Nce2 e5 14.g5 hxg5 15.hxg5 exd4
16.Bxd4 Ne5 17.Bxe5 dxe5 18.gxf6 Qxf6 19.O-O-O Bh6 20.f4 Bxf4 21.Nxf4 Qxf4
22.Qxf4 exf4 23.Rg4 f3 24.Rf4 O-O-O 25.Rf1 Rh3 26.Rxf7 Re8 27.R7xf3 Rxf3
28.Rxf3 a5 29.Rf4 Re5 30.Kd2 Bc6 31.Ke3 Kc7 32.Kd4 Re7 33.Rg4 Rg7 34.Rg5 Kb6
35.e5 Be8 36.e6 Re7 37.Ke5 a4  1-0

[Event "EU-ch02 blind "]
[Site "Krynica"]
[Date "1999.??.??"]
[Round "1"]
[White "Bjerring, Kai"]
[Black "Berenguer Antonio, Jose"]
[Result "1-0"]
[WhiteElo "2305"]
[BlackElo "2000"]

1.e4 c5 2.Nf3 d6 3.d4 cxd4 4.Nxd4 Nf6 5.Nc3 a6 6.f3 e6 7.Be3 Nbd7 8.g4 h6
9.h4 b5 10.Rg1 Ne5 11.g5 hxg5 12.hxg5 Ng8 13.f4 Nc4 14.Bxc4 bxc4 15.Qe2 Qc7
16.g6 f6 17.f5 Rb8 18.O-O-O e5 19.Nf3 Bb7 20.Nd2 Rc8 21.Rh1 Rxh1 22.Rxh1 Ne7
23.Rh8 Kd7 24.Na4 Ke8 25.Nb6 c3 26.bxc3 Rb8 27.Qd3 Rd8 28.c4 Rb8 29.c5 Rd8
30.cxd6 Rxd6  1-0

[Event "La Coruna op 10th"]
[Site "La Coruna"]
[Date "1999.??.??"]
[Round "8"]
[White "Korneev, Oleg"]
[Black "Herrera, Irisberto"]
[Result "1/2-1/2"]
[WhiteElo "2615"]
[BlackElo "2485"]

1.e4 c5 2.Nf3 d6 3.d4 cxd4 4.Nxd4 Nf6 5.Nc3 a6 6.f3 e6 7.Be3 b5 8.Qd2 Nbd7
9.O-O-O Bb7 10.g4 h6 11.Bd3 Ne5 12.Rhe1 b4 13.Na4 d5 14.exd5 Nxd5 15.f4 Qd7
16.b3 Nxd3+ 17.Qxd3 O-O-O 18.f5 e5 19.Nf3 f6 20.Bb6 Re8 21.Nh4 Qb5 22.Ng6 Rg8
23.Nxf8 Rgxf8 24.Bc5 Rf7 25.h3 Rc7 26.Nb6+ Nxb6 27.Qd5 a5 28.Bxb6 Rc3  1/2-1/2

[Event "GER-ch U14"]
[Site "Oberhof"]
[Date "1999.??.??"]
[Round "?"]
[White "Zaragatski, Ilja"]
[Black "Werner, Daniel"]
[Result "1/2-1/2"]
[WhiteElo "2135"]
[BlackElo "1760"]

1.e4 c5 2.Nf3 d6 3.d4 cxd4 4.Nxd4 Nf6 5.Nc3 a6 6.f3 e5 7.Nb3 Be6 8.Be3 Be7
9.Qd2 Nbd7 10.g4 b5 11.g5 Nh5 12.O-O-O Nb6 13.Nd5 Nxd5 14.exd5 Bd7 15.Na5 Rc8
16.Kb1 O-O 17.c4 bxc4 18.Bxc4 Bb5 19.Bxb5 axb5 20.Nc6 Qd7 21.Qd3 f5 22.Rhg1 f4
23.Bf2 Qb7 24.Nxe7+ Qxe7 25.Qxb5 Ra8 26.Rd2 e4 27.fxe4 Qxe4+ 28.Qd3 Qa4 29.b3 Qa5
30.Rc1 f3 31.Qc3 Nf4 32.Qxa5 Rxa5 33.Rcd1 Rf5 34.h4 Nxd5 35.Kb2 Re5 36.Re1 Kf7
37.a4 Ke6 38.Kc2 Rxe1 39.Bxe1 Rc5+ 40.Kb2 Ke5 41.Bf2  1/2-1/2

[Event "GER-ch U14"]
[Site "Oberhof"]
[Date "1999.??.??"]
[Round "?"]
[White "Zaragatski, Ilja"]
[Black "Jachnowitsch, Krisjan Jon"]
[Result "1-0"]
[WhiteElo "2135"]
[BlackElo "1605"]

1.e4 c5 2.Nf3 d6 3.d4 cxd4 4.Nxd4 Nf6 5.Nc3 a6 6.f3 Nbd7 7.Be3 e5 8.Nb3 Be7
9.Qd2 b5 10.O-O-O Bb7 11.g4 O-O 12.g5 Ne8 13.h4 Nb6 14.Na5 Rb8 15.Nxb7 Rxb7
16.Rg1 Kh8 17.Be2 f5 18.exf5 Rxf5 19.h5 Nc4 20.Bxc4 bxc4 21.Qd5 Rb8 22.f4 Qc8
23.Qe4 Rf8 24.fxe5 Qb7 25.Qxb7 Rxb7 26.exd6 Bxd6 27.Rdf1 Rbf7 28.Rxf7 Rxf7
29.Ne4 Bc7 30.Kd2 Re7 31.Rf1 Kg8 32.Bc5 Bd6 33.Nxd6 Rd7 34.Kc1 Nxd6 35.Rd1  1-0

[Event "Recklinghausen op"]
[Site "Recklinghausen"]
[Date "1999.??.??"]
[Round "3"]
[White "Feigin, Mihail"]
[Black "Wilde, Pierre"]
[Result "1-0"]
[WhiteElo "2500"]
[BlackElo "2285"]

1.e4 c5 2.Nf3 d6 3.d4 cxd4 4.Nxd4 Nf6 5.Nc3 a6 6.f3 e5 7.Nb3 Be6 8.Be3 Nbd7
9.Qd2 Qc7 10.g4 h6 11.O-O-O Rc8 12.Kb1 Be7 13.h4 Nb6 14.Rg1 Nfd7 15.g5 hxg5
16.Bxg5 Bf8 17.Rh1 Nc4 18.Qd3 b5 19.Nd5 Bxd5 20.exd5 Ndb6 21.Bc1 g6 22.f4 Bg7
23.f5 Na4 24.Re1 Kf8 25.c3 b4 26.Qxc4 Qxc4 27.Bxc4 Rxc4 28.fxg6 fxg6 29.cxb4 Rxb4
30.Bg5 e4 31.Re2 a5 32.Rc1 Kg8 33.Rc7 Nb6 34.Bd2 Rb5 35.Rxe4 Nxd5 36.Ra7 Nf6
37.Ree7 Bf8 38.Re6 Rf5 39.Bc3 Bg7 40.Nd4 Rf1+ 41.Kc2 Rxh4 42.Rxa5 Rf2+ 43.Kb3 Rff4
44.Rxd6 Ne4 45.Rxg6 Nxc3 46.bxc3 Rh6 47.Rxg7+  1-0

[Event "Recklinghausen op"]
[Site "Recklinghausen"]
[Date "1999.??.??"]
[Round "4"]
[White "Ciornei, Dragos"]
[Black "Wegener, Olaf"]
[Result "1/2-1/2"]
[WhiteElo "2115"]
[BlackElo "2310"]

1.e4 c5 2.Nf3 d6 3.d4 cxd4 4.Nxd4 Nf6 5.Nc3 a6 6.f3 e5 7.Nb3 Be6 8.Be3 Be7
9.Qd2 h5 10.a4 Nbd7 11.a5 Qc7 12.Be2 Qc6 13.O-O d5 14.exd5 Nxd5 15.Nxd5 Qxd5
16.Bd3 Nc5 17.Nxc5 Bxc5 18.Bxc5 Qxc5+ 19.Kh1 h4 20.h3 O-O-O 21.b4 Qd4 22.Qe2 Qxb4
23.Qxe5 Qd4 24.Rfe1 Rhe8 25.Rab1 Qxe5 26.Rxe5 Rd5 27.Ree1 Red8 28.Kg1 Re5
29.Rxe5 Rd5 30.Rxd5 Bxd5 31.Kf2 Kc7 32.Ke3 Kd6 33.Kd4 Bc6  1/2-1/2

[Event "Recklinghausen op"]
[Site "Recklinghausen"]
[Date "1999.??.??"]
[Round "6"]
[White "Ciornei, Dragos"]
[Black "Jirovsky, Petr"]
[Result "0-1"]
[WhiteElo "2115"]
[BlackElo "2350"]

1.e4 c5 2.Nf3 d6 3.d4 cxd4 4.Nxd4 Nf6 5.Nc3 a6 6.f3 e5 7.Nb3 Be6 8.Be3 Nbd7
9.g4 h6 10.Qd2 b5 11.O-O-O b4 12.Nd5 Bxd5 13.exd5 Nb6 14.Qxb4 Nfxd5 15.Bxb6 Nxb6
16.Qe4 Be7 17.f4 O-O 18.Bd3 g6 19.fxe5 Re8 20.Qg2 Bg5+ 21.Kb1 Rxe5 22.Nd4 Qe8
23.Nf3 Ra5 24.Nxg5 hxg5 25.h4 Rb8 26.hxg5 Na4 27.Qh3 Rxb2+ 28.Kc1 Qe5 29.Qh7+ Kf8
30.Qh8+ Qxh8 31.Rxh8+ Kg7 32.Ra8 Rxa2 33.Rxa6 Rxa6 34.Bxa6 Ra1+ 35.Kd2 Rxd1+
36.Kxd1 Nc3+ 37.Kd2 Ne4+ 38.Ke3 Nxg5 39.Kd4 Kf6 40.Kd5 Ke7 41.Be2 Nh7 42.Ke4 Nf6+
43.Kf4 Nd5+ 44.Kf3 Kf6 45.Bc4 Nb6 46.Bb5 Ke5 47.Be8 Ke6 48.Bb5 d5 49.Kf4 Nc4
50.Ba6 Ne5 51.Bd3 Nc4 52.g5 f5 53.gxf6 Kxf6 54.Be2 g5+ 55.Kg3 Ne5 56.Bf1 d4
57.Bg2 Nc4 58.Be4 Ke5 59.Bg6 Ne3 60.Kf3 g4+ 61.Kg3 Kf6 62.Bd3 Kg5 63.Be2 Nf5+
64.Kf2 g3+ 65.Kg2 Kf4 66.Bd3 Nh4+ 67.Kg1 Kf3 68.Ba6 g2 69.Bb7+ Kg3  0-1

[Event "Recklinghausen op"]
[Site "Recklinghausen"]
[Date "1999.??.??"]
[Round "9"]
[White "Feigin, Mihail"]
[Black "Gutman, Lev"]
[Result "0-1"]
[WhiteElo "2500"]
[BlackElo "2470"]

1.e4 c5 2.Nf3 d6 3.d4 cxd4 4.Nxd4 Nf6 5.Nc3 a6 6.f3 e5 7.Nb3 Be6 8.Be3 Be7
9.Qd2 a5 10.Bb5+ Bd7 11.a4 O-O 12.Qf2 Be6 13.O-O Nbd7 14.Rfd1 Qc7 15.Rd2 Nc5
16.Nxc5 dxc5 17.Rad1 Rac8 18.Kf1 h6 19.Qe2 c4 20.Qf2 Bb4 21.Bb6 Qe7 22.Qe3 Nh5
23.Nd5 Bxd5 24.Rxd5 Nf6 25.c3 Nxd5 26.Rxd5 Bd6 27.g4 Qf6 28.Bxa5 Bc7 29.Bb4 Bb6
30.Qe2 Rfd8 31.Bxc4 Qf4 32.Bd6 h5 33.Bxe5 Qc1+ 34.Kg2 Qg1+ 35.Kh3 hxg4+ 36.fxg4 Rc6
37.Bf4 Rf6 38.Rxd8+ Bxd8 39.Bb5 Qh1 40.Bg5 Rf3+  0-1